<?xml version="1.0" encoding="UTF-8"?>
<marc:record xmlns:marc="http://www.loc.gov/MARC21/slim">
   <marc:leader>00000nam a2200000 a 4500</marc:leader>
   <marc:datafield ind1="1" ind2=" " tag="100">
      <marc:subfield code="a">Sansom, Ian</marc:subfield>
      <marc:subfield code="4">aut</marc:subfield>
      <marc:subfield code="e">Verfasser/-in</marc:subfield>
   </marc:datafield>
   <marc:datafield ind1="0" ind2="0" tag="245">
      <marc:subfield code="a">Bücher auf Rädern</marc:subfield>
   </marc:datafield>
   <marc:datafield ind1="0" ind2="0" tag="245">
      <marc:subfield code="b">Ein Roman aus der irischen Provinz</marc:subfield>
   </marc:datafield>
   <marc:datafield ind1="0" ind2="0" tag="245">
      <marc:subfield code="c">Ian Sansom</marc:subfield>
   </marc:datafield>
   <marc:datafield ind1=" " ind2="1" tag="264">
      <marc:subfield code="a">München</marc:subfield>
      <marc:subfield code="b">Piper</marc:subfield>
      <marc:subfield code="c">2009</marc:subfield>
   </marc:datafield>
   <marc:datafield ind1=" " ind2=" " tag="250">
      <marc:subfield code="a">1. Aufl.</marc:subfield>
   </marc:datafield>
   <marc:datafield ind1="1" ind2=" " tag="520">
      <marc:subfield code="a">Israel Armstrong, motivierter Jungbibliothekar, Dufflecoatträger und Vegetarier, macht sich auf den Weg in die nordirische Provinz, um dort seine erste Stelle anzutreten. Doch statt in der erwarteten schmucken Kleinbibliothek findet er sich in einem alten Bücherbus auf den Straßen Antrims wieder. Die Landschaft ist durchaus pittoresk, bevölkert von Hühnern, Schafen und sturen Ureinwohnern. Doch was fehlt, sind  15 000 Bücher. Welcher ausdauernde Leser konnte sich unbemerkt diesen üppigen Bestand an Lektüre sichern? Und wo gibt es hier einen trinkbaren Cappuccino und eine anständige Zeitung? Mit dem Mut der Verzweiflung begibt sich Israel auf die Suche nach Antworten. Schräg, komisch und herzerwärmend irisch &#x96; das erste Abenteuer eines zufälligen, aber einzigartigen Nachwuchsdetektivs.</marc:subfield>
   </marc:datafield>
   <marc:datafield ind1=" " ind2=" " tag="020">
      <marc:subfield code="a">9783492253918</marc:subfield>
      <marc:subfield code="9">9783492253918</marc:subfield>
   </marc:datafield>
   <marc:datafield ind1=" " ind2=" " tag="020">
      <marc:subfield code="a">3492253911</marc:subfield>
      <marc:subfield code="9">3492253911</marc:subfield>
   </marc:datafield>
   <marc:datafield ind1=" " ind2=" " tag="300">
      <marc:subfield code="a">328 S.</marc:subfield>
   </marc:datafield>
</marc:record>
